Loading...
| Science - Biology | 0 | 6 | 0 | 1 | 60 | 39 | 78.17 | 0 | 4 |
| Mythology | 0 | 2 | 0 | 0 | 20 | 69 | 87.50 | 0 | 1 |
| History - American History | 0 | 2 | 0 | 0 | 20 | 97 | 115.00 | 0 | 0 |
| Science - Chemistry | 0 | 2 | 1 | 0 | 15 | 43 | 63.50 | 1 | 2 |
| Philosophy | 0 | 2 | 1 | 0 | 15 | 124 | 125.00 | 0 | 0 |
| Literature - World/Other Literature | 0 | 1 | 0 | 0 | 10 | 90 | 90.00 | 0 | 0 |
| History - World History | 0 | 1 | 0 | 0 | 10 | 122 | 122.00 | 0 | 0 |
| History - European History | 0 | 1 | 0 | 1 | 10 | 113 | 113.00 | 0 | 0 |
| Religion | 0 | 1 | 0 | 1 | 10 | 133 | 133.00 | 0 | 0 |
| History - Other History | 0 | 1 | 0 | 0 | 10 | 77 | 77.00 | 0 | 0 |
| Literature - American Literature | 0 | 1 | 0 | 1 | 10 | 142 | 142.00 | 0 | 0 |